[Event "Autumn Standard"]
[Site "SchemingMind.com"]
[Date "2008.09.04"]
[Round "-"]
[White "1tamad"]
[Black "Zugzwang"]
[Result "1-0"]
[WhiteCountry "USA"]
[BlackCountry "CAN"]
[WhiteElo "1697"]
[WhiteRD "71"]
[BlackElo "1491"]
[BlackRD "59"]
[GameID "169834"]

1. d4 f5 2. e3 Nf6 3. Bd3 e6 4. Nf3 c6 5. O-O d5 6. Ne5 Nbd7 7. Nxd7 Bxd7 8. c4 Be7 9. Nc3 O-O 10. Bd2 Be8
11. Qc2 Bh5 12. f3 a6 13. e4 Qd7 14. Kh1 b5 15. cxd5 cxd5 16. exf5 exf5 17. Bxf5 Qc7 18. Rac1 Bd6 19. Nxd5 Nxd5 20. Be6+ Bf7
21. Bxd5 Bxd5 22. Qxc7 Bxc7 23. b3 Bb6 24. Bb4 Rfe8 25. Bc5 Bxc5 26. dxc5 Rac8 27. Rfd1 Re5 28. h3 a5 29. Rd4 b4 30. Rc2 Bb7
31. c6 Bxc6 32. Rdc4 Re6 33. Rc5 Bd7 34. Rxc8+ Bxc8 35. Rxc8+ Kf7 36. Ra8 Re5 37. Ra6 g5 38. Kh2 h5 39. h4 gxh4 40. Kh3 Re2
41. Rxa5 Kg6 42. Ra4 Kg5 43. Rxb4 Rxa2 44. Rxh4 Rb2 45. b4 Kf5 46. Rc4 Kg6 47. g4 hxg4+ 48. fxg4 Rb3+ 49. Kh4 Rb2 50. Rc6+ Kf7
51. Rb6 Kg7 52. Kh5 Rh2+ 53. Kg5 Rg2 54. b5 Kf7 55. Rb7+ Ke8 56. Kh5
1-0

[Event "Autumn Standard"]
[Site "SchemingMind.com"]
[Date "2008.09.07"]
[Round "-"]
[White "Zugzwang"]
[Black "1tamad"]
[Result "0-1"]
[WhiteCountry "CAN"]
[BlackCountry "USA"]
[WhiteElo "1487"]
[WhiteRD "60"]
[BlackElo "1746"]
[BlackRD "74"]
[GameID "169835"]

1. d4 d5 2. Nf3 e6 3. e3 Bd6 4. Bd3 Nf6 5. O-O O-O 6. c3 Ne4 7. Nbd2 Nxd2 8. Bxd2 c5 9. Qe2 Nc6 10. e4 cxd4
11. e5 dxc3 12. exd6 cxd2 13. Nxd2 Qxd6 14. Rfe1 a6 15. Qh5 g6 16. Qh4 e5 17. Nf3 h5 18. Ng5 e4 19. Bc2 Nd4 20. Rac1 Nf5
21. Qh3 Qf6 22. Nxe4 dxe4 23. Bxe4 Nd6 24. Qe3 Nxe4 25. Qxe4 Qe6 26. Qxe6 Bxe6 27. a3 Rac8 28. b4 Rxc1 29. Rxc1 Rc8 30. Rxc8+ Bxc8
31. a4 Kf8 32. a5 Ke7 33. Kf1 Kd6 34. Ke2 Kc6 35. Kd3 Kb5 36. Kc3 Be6 37. f4 f6 38. g3 Bg4 39. Kb3 Bh3 40. Kc3 Ka4
41. Kc4 Be6+ 42. Kc5 Bb3 43. h3 Be6 44. h4 Ba2
0-1

[Event "Autumn Standard"]
[Site "SchemingMind.com"]
[Date "2008.09.05"]
[Round "-"]
[White "ThulsaDoom"]
[Black "Zugzwang"]
[Result "1-0"]
[WhiteCountry "USA"]
[BlackCountry "CAN"]
[WhiteElo "1751"]
[WhiteRD "137"]
[BlackElo "1487"]
[BlackRD "60"]
[GameID "169894"]

1. e4 e5 2. Nf3 Nf6 3. d4 exd4 4. e5 Ne4 5. Qxd4 d5 6. exd6 Nxd6 7. Nc3 Nc6 8. Qf4 Bf5 9. Bb5 Qe7+ 10. Kf1 Be4
11. Bxc6+ Bxc6 12. Ne5 O-O-O 13. Nxc6 bxc6 14. Qa4 Kb7 15. Be3 Ra8 16. Bc5 Qf6 17. Re1 h5 18. Qb4+ Kc8 19. Qa4 Kd7 20. f3 g5
21. Qd4 Qxd4 22. Bxd4 Rg8 23. Kf2 f5 24. Rd1 Ke6 25. Rhe1+ Kf7 26. Re5 g4 27. Rde1 h4 28. Re6 Rg6 29. Rxg6 Kxg6 30. fxg4 fxg4
31. Re6+ Kh7 32. Ne4 Nxe4+ 33. Rxe4 c5 34. Bc3 Bd6 35. Rxg4 Rf8+ 36. Kg1 Kh6 37. Rxh4+ Kg5 38. Rh8 Rxh8 39. Bxh8 a5 40. a4 c4
41. Bc3
1-0

[Event "Autumn Standard"]
[Site "SchemingMind.com"]
[Date "2008.09.07"]
[Round "-"]
[White "ThulsaDoom"]
[Black "1tamad"]
[Result "0-1"]
[WhiteCountry "USA"]
[BlackCountry "USA"]
[WhiteElo "1823"]
[WhiteRD "109"]
[BlackElo "1697"]
[BlackRD "71"]
[GameID "169895"]

1. e4 d6 2. d4 Nf6 3. Nc3 g6 4. f4 Bg7 5. Nf3 O-O 6. Bd3 Bg4 7. h3 Bxf3 8. Qxf3 c6 9. O-O Nbd7 10. e5 dxe5
11. fxe5 Ne8 12. Be3 Nc7 13. Ne4 Nd5 14. Bd2 c5 15. c3 cxd4 16. cxd4 Qb6 17. Bc3 Nxe5 18. Qe2 Nxd3 19. Qxd3 e5 20. Rad1 Nxc3
21. bxc3 exd4 22. Kh1 dxc3 23. Nxc3 Rad8 24. Qf3 Rxd1 25. Nxd1 a5 26. Ne3 Qb5 27. Nd5 a4 28. Nf6+ Bxf6 29. Qxf6 Qd5 30. Qb2 b5
31. Rb1 Rb8 32. a3 Qc4 33. Qb4 Qxb4 34. Rxb4 f5 35. g3 Kf7 36. Kg2 Ke6 37. Kf3 Kd5 38. Kf4 h6 39. h4 Kc6 40. Ke5 Rf8
41. Ke6 g5 42. hxg5 hxg5 43. Ke7 Rg8 44. Kf7 Rh8 45. Kg6 Rh3 46. Kxg5 Rxg3+ 47. Kxf5 Rxa3 48. Ke4 Kc5
0-1

[Event "Autumn Standard"]
[Site "SchemingMind.com"]
[Date "2008.09.05"]
[Round "-"]
[White "Zugzwang"]
[Black "ThulsaDoom"]
[Result "0-1"]
[WhiteCountry "CAN"]
[BlackCountry "USA"]
[WhiteElo "1491"]
[WhiteRD "59"]
[BlackElo "1732"]
[BlackRD "186"]
[GameID "169896"]

1. d4 d5 2. Nf3 e6 3. e3 Nf6 4. Bd3 Be7 5. O-O Nbd7 6. Nbd2 O-O 7. Qe2 c5 8. c3 b6 9. e4 dxe4 10. Nxe4 Bb7
11. Nfg5 cxd4 12. Nxh7 Nxh7 13. Qh5 Ndf6 14. Nxf6+ Nxf6 15. Qh3 Qd5 16. Bg5 Qxg5 17. f3 dxc3 18. bxc3 Qe3+
0-1

[Event "Autumn Standard"]
[Site "SchemingMind.com"]
[Date "2008.09.07"]
[Round "-"]
[White "1tamad"]
[Black "ThulsaDoom"]
[Result "0-1"]
[WhiteCountry "USA"]
[BlackCountry "USA"]
[WhiteElo "1697"]
[WhiteRD "71"]
[BlackElo "1823"]
[BlackRD "109"]
[GameID "169897"]

1. d4 d5 2. e3 e6 3. Bd3 Nf6 4. Nd2 Be7 5. f4 Nbd7 6. Ngf3 O-O 7. O-O c5 8. c3 b6 9. Ne5 Bb7 10. Qf3 Qc7
11. g4 Nxe5 12. fxe5 Nd7 13. Qh3 g6 14. Nf3 f6 15. Bxg6 hxg6 16. Qh6 Rf7 17. Qxg6+ Rg7 18. Qh5 f5 19. g5 Nf8 20. Qh4 Ng6
21. Qg3 Kf7 22. Bd2 Rh8 23. Be1 Qd8 24. Rf2 Nh4 25. Kh1 Nxf3 26. Qxf3 Rxg5 27. Re2 Qg8 28. Rg2 Rxg2 29. Qxg2 Qxg2+ 30. Kxg2 Ba6
31. Bg3 Bd3 32. a4 Bg5 33. Kf3 Be4+ 34. Kf2 Rh3 35. a5 b5 36. a6 Bh4 37. Ra5 Rxh2+
0-1

[Event "Autumn Standard"]
[Site "SchemingMind.com"]
[Date "2008.09.05"]
[Round "-"]
[White "slotheman"]
[Black "Zugzwang"]
[Result "1-0"]
[WhiteCountry "USA"]
[BlackCountry "CAN"]
[WhiteElo "1681"]
[WhiteRD "97"]
[BlackElo "1469"]
[BlackRD "62"]
[GameID "169930"]

1. e4 e5 2. Nf3 Nf6 3. Nxe5 d6 4. Nf3 Nxe4 5. Nc3 Nxc3 6. dxc3 Be6 7. Be3 Be7 8. Qd2 O-O 9. O-O-O c5 10. Kb1 Qa5
11. a3 b5 12. g3 Qc7 13. Bg2 a5 14. Ng5 Ra6 15. Qd3 b4 16. Qxh7#
1-0

[Event "Autumn Standard"]
[Site "SchemingMind.com"]
[Date "2008.09.07"]
[Round "-"]
[White "slotheman"]
[Black "1tamad"]
[Result "1-0"]
[WhiteCountry "USA"]
[BlackCountry "USA"]
[WhiteElo "1685"]
[WhiteRD "95"]
[BlackElo "1746"]
[BlackRD "74"]
[GameID "169931"]

1. e4 c5 2. Nc3 Nc6 3. f4 d6 4. Nf3 g6 5. Bb5 Bd7 6. O-O a6 7. Bxc6 Bxc6 8. d3 Bg7 9. Qe1 Nf6 10. Qh4 O-O
11. f5 e6 12. Bh6 Nh5 13. Bg5 Bf6 14. Bxf6 Qxf6 15. fxg6 fxg6 16. e5 Qxh4 17. Nxh4 Rxf1+ 18. Rxf1 d5 19. Ne2 b5 20. Nf3 Kg7
21. Ng5 Re8 22. Nf4 Nxf4 23. Rxf4 h6 24. Rf7+ Kg8 25. Rc7 Ba8 26. Nxe6 c4 27. Rg7+ Kh8 28. Rxg6
1-0

[Event "Autumn Standard"]
[Site "SchemingMind.com"]
[Date "2008.09.05"]
[Round "-"]
[White "slotheman"]
[Black "ThulsaDoom"]
[Result "0-1"]
[WhiteCountry "USA"]
[BlackCountry "USA"]
[WhiteElo "1675"]
[WhiteRD "85"]
[BlackElo "1823"]
[BlackRD "109"]
[GameID "169932"]

1. e4 e5 2. Nf3 Nc6 3. d4 exd4 4. Bc4 Bc5 5. c3 dxc3 6. Bxf7+ Kxf7 7. Qd5+ Kf8 8. Qxc5+ Qe7 9. Qxe7+ Ngxe7 10. Nxc3 d6
11. h3 Be6 12. O-O h6 13. Be3 Bc4 14. Rfc1 a6 15. a3 Kf7 16. b4 Rhf8 17. Nd4 Kg8 18. Nd1 Bf7 19. b5 Nxd4 20. Bxd4 c5
21. bxa6 cxd4 22. axb7 Rab8 23. Rc7 Ng6 24. Rac1 Nf4 25. Kf1 Nd3 26. Rb1 Nc5 27. f3 Be6 28. Rb6 Nxe4 29. a4 Nc5 30. a5 Bd5
31. a6 Bc4+ 32. Kf2 Bxa6 33. Rxd6 Ne4+ 34. Ke1 Nxd6 35. Rc6 Rfe8+ 36. Kd2 Re2+ 37. Kc1 Bxb7 38. Rxd6 Rxg2 39. Rxd4 Rc8+ 40. Kb1 Rg1
41. f4 Bf3
0-1

[Event "Autumn Standard"]
[Site "SchemingMind.com"]
[Date "2008.09.06"]
[Round "-"]
[White "Zugzwang"]
[Black "slotheman"]
[Result "0-1"]
[WhiteCountry "CAN"]
[BlackCountry "USA"]
[WhiteElo "1469"]
[WhiteRD "62"]
[BlackElo "1681"]
[BlackRD "97"]
[GameID "169933"]

1. d4 Nf6 2. Nf3 g6 3. e3 Bg7 4. b3 d5 5. Bb2 O-O 6. Ne5 Nbd7 7. Be2 Nxe5 8. O-O Ned7 9. Nd2 c6 10. c4 c5
11. Nf3 b6 12. Ne5 e6 13. f4 Re8 14. Rf3 Nf8 15. Rg3 Ne4 16. Rg4 Bd7 17. cxd5 exd5 18. dxc5 Bxg4 19. Bxg4 bxc5 20. Nc6 Qh4
21. Bxg7 Kxg7 22. Qxd5 Qf2+ 23. Kh1 Nc3 24. Qxc5 Rxe3 25. Qd4+ f6
0-1

[Event "Autumn Standard"]
[Site "SchemingMind.com"]
[Date "2008.09.07"]
[Round "-"]
[White "1tamad"]
[Black "slotheman"]
[Result "0-1"]
[WhiteCountry "USA"]
[BlackCountry "USA"]
[WhiteElo "1697"]
[WhiteRD "71"]
[BlackElo "1675"]
[BlackRD "85"]
[GameID "169934"]

1. d4 Nf6 2. e3 g6 3. Nf3 Bg7 4. c4 d6 5. Nc3 O-O 6. Be2 c6 7. O-O Nbd7 8. e4 e5 9. Bg5 Re8 10. d5 cxd5
11. cxd5 a6 12. Rc1 b5 13. a3 Qb6 14. h3 b4 15. Qb3 bxc3 16. Qxb6 Nxb6 17. Rxc3 Nxe4 18. Rc6 Nxd5 19. Bc1 Nf4 20. Bxf4 exf4
21. b3 Bb2 22. a4 Nc3 23. Bd3 d5 24. Nd2 Bf5 25. Bxf5 gxf5 26. Nf3 Kg7 27. Nd4 Ne2+ 28. Nxe2 Rxe2 29. b4 Re4 30. Rb1 Rxb4
31. Kh1 h5 32. a5 Ba3 33. Rd1 Rb5
0-1

[Event "Autumn Standard"]
[Site "SchemingMind.com"]
[Date "2008.09.06"]
[Round "-"]
[White "ThulsaDoom"]
[Black "slotheman"]
[Result "1-0"]
[WhiteCountry "USA"]
[BlackCountry "USA"]
[WhiteElo "1823"]
[WhiteRD "109"]
[BlackElo "1675"]
[BlackRD "85"]
[GameID "169935"]

1. e4 d6 2. d4 Nf6 3. Nc3 g6 4. f4 Bg7 5. Nf3 O-O 6. Bd3 Na6 7. O-O c5 8. d5 Rb8 9. Kh1 Nc7 10. a4 a6
11. h3 b5 12. axb5 Nxb5 13. Nxb5 axb5 14. Re1 c4 15. Bf1 Bd7 16. g4 Qc7 17. Bd2 b4 18. c3 bxc3 19. Bxc3 e6 20. g5 Ne8
21. Bxg7 Nxg7 22. Qd4 Bb5 23. Ra7 Qb6 24. Rea1 Qxd4 25. Nxd4 Rfc8 26. b3 c3 27. Bxb5 e5 28. fxe5 dxe5 29. Nc6 Rxb5 30. Ne7+ Kf8
31. Nxc8 Rxb3 32. Nd6 c2 33. Rxf7+ Kg8 34. Ra8+
1-0

[Event "Autumn Standard"]
[Site "SchemingMind.com"]
[Date "2008.09.05"]
[Round "-"]
[White "capablanca"]
[Black "Zugzwang"]
[Result "1-0"]
[WhiteCountry "GER"]
[BlackCountry "CAN"]
[WhiteElo "1664"]
[WhiteRD "52"]
[BlackElo "1491"]
[BlackRD "59"]
[GameID "169937"]

1. e4 e5 2. Nf3 Nf6 3. Nxe5 d6 4. Nf3 Nxe4 5. d4 d5 6. Bd3 Bd6 7. Qe2 O-O 8. O-O Nf6 9. Bg5 c5 10. dxc5 Bxc5
11. Nc3 Qb6 12. Na4 Qa5 13. Nxc5 Qxc5 14. Bxf6 gxf6 15. Nh4 Kh8 16. Qh5
1-0

[Event "Autumn Standard"]
[Site "SchemingMind.com"]
[Date "2008.09.07"]
[Round "-"]
[White "capablanca"]
[Black "1tamad"]
[Result "0-1"]
[WhiteCountry "GER"]
[BlackCountry "USA"]
[WhiteElo "1652"]
[WhiteRD "52"]
[BlackElo "1764"]
[BlackRD "74"]
[GameID "169938"]

1. e4 c5 2. Nf3 Nc6 3. Bc4 d6 4. d4 cxd4 5. Nxd4 g6 6. Nc3 Bg7 7. Be3 Nf6 8. f3 O-O 9. Qd2 a6 10. O-O-O Nxd4
11. Qxd4 Ng4 12. Qd2 Nxe3 13. Qxe3 Qc7 14. Bb3 b5 15. Nd5 Qb7 16. Nb6 Qa7 17. Kb1 Rb8 18. Nd5 Qxe3 19. Nxe3 a5 20. Nd5 Re8
21. Nc7 Rf8 22. a3 a4 23. Ba2 b4 24. Nd5 bxa3 25. Nxe7+ Kh8 26. b3 Be6 27. Rxd6 axb3 28. cxb3 Bxb3 29. Bxb3 Rxb3+
0-1

[Event "Autumn Standard"]
[Site "SchemingMind.com"]
[Date "2008.09.06"]
[Round "-"]
[White "capablanca"]
[Black "slotheman"]
[Result "0-1"]
[WhiteCountry "GER"]
[BlackCountry "USA"]
[WhiteElo "1664"]
[WhiteRD "52"]
[BlackElo "1654"]
[BlackRD "97"]
[GameID "169939"]

1. e4 d6 2. d4 Nf6 3. Nc3 g6 4. Bd3 Bg7 5. f4 O-O 6. Nf3 Na6 7. a3 c5 8. e5 Ne8 9. Be3 Nec7 10. h3 Bd7
11. g4 b5 12. f5 b4 13. Ne4 Nd5 14. Bd2 Qb6 15. f6 exf6 16. exf6 Bh8 17. dxc5 Nxc5 18. Nxc5 dxc5 19. Bh6 Rfe8+ 20. Kd2 Qxf6
21. Kc1 Qxb2+
0-1

[Event "Autumn Standard"]
[Site "SchemingMind.com"]
[Date "2008.09.05"]
[Round "-"]
[White "capablanca"]
[Black "ThulsaDoom"]
[Result "0-1"]
[WhiteCountry "GER"]
[BlackCountry "USA"]
[WhiteElo "1652"]
[WhiteRD "52"]
[BlackElo "1764"]
[BlackRD "152"]
[GameID "169940"]

1. e4 e5 2. Nf3 Nc6 3. Bb5 a6 4. Bxc6 dxc6 5. Nxe5 Qd4 6. Nf3 Qxe4+ 7. Qe2 Qxe2+ 8. Kxe2 Bg4 9. h3 Bh5 10. Re1 O-O-O
11. d3 Nf6 12. Nd2 Bb4 13. c3 Bd6 14. d4 Rhe8+ 15. Kf1 Bg6 16. Rxe8 Rxe8 17. b3 Bd3+ 18. Kg1 c5 19. Bb2 cxd4 20. Nxd4 Nd5
21. c4 Nf4 22. N2f3 Ne2+ 23. Nxe2 Bxe2 24. Bxg7 Rg8
0-1

[Event "Autumn Standard"]
[Site "SchemingMind.com"]
[Date "2008.09.05"]
[Round "-"]
[White "Zugzwang"]
[Black "capablanca"]
[Result "0-1"]
[WhiteCountry "CAN"]
[BlackCountry "GER"]
[WhiteElo "1491"]
[WhiteRD "59"]
[BlackElo "1664"]
[BlackRD "52"]
[GameID "169941"]

1. d4 d5 2. Nf3 e6 3. e3 c5 4. c3 cxd4 5. cxd4 Nf6 6. Bd3 Nc6 7. O-O Bd6 8. Nbd2 O-O 9. Qe2 Bd7 10. e4 dxe4
11. Nxe4 Nxe4 12. Qxe4 g6 13. Bh6 Re8 14. Nh4 f5 15. Qf3 Qxh4 16. Qh3 Qxh3 17. gxh3 Nxd4 18. f3 Bc5 19. Kg2 Bc6 20. Rac1 Nxf3
21. Rxf3 Bf8 22. Bxf8 Kxf8 23. Rxc6 bxc6 24. b4 e5 25. Be4 Rac8 26. Bc2 c5 27. b5 Red8 28. Rd3 Rxd3 29. Bxd3 c4 30. Bf1 c3
31. Bd3 c2 32. Bxc2 Rxc2+
0-1

[Event "Autumn Standard"]
[Site "SchemingMind.com"]
[Date "2008.09.07"]
[Round "-"]
[White "1tamad"]
[Black "capablanca"]
[Result "1/2-1/2"]
[WhiteCountry "USA"]
[BlackCountry "GER"]
[WhiteElo "1746"]
[WhiteRD "74"]
[BlackElo "1635"]
[BlackRD "57"]
[GameID "169942"]

1. d4 d5 2. e3 e5 3. dxe5 Nc6 4. Nc3 Nxe5 5. Qxd5 Qxd5 6. Nxd5 Bd6 7. Bd2 c6 8. Nb4 Nf6 9. f3 O-O 10. O-O-O Be6
11. a3 c5 12. Nd3 a6 13. Nxe5 Bxe5 14. Ne2 b5 15. Nc3 Rfd8 16. Be2 b4 17. axb4 cxb4 18. Na4 a5 19. Nc5 Bf5 20. e4 Bc8
21. Nd3 Bd4 22. g4 Ba6 23. h4 Rac8 24. h5 h6 25. g5 hxg5 26. Bxg5 Rd6 27. Nf4 Be3+ 28. Kb1 Rxd1+ 29. Bxd1 Nd7 30. Nh3 Bxg5
31. Nxg5 Nc5 32. h6 gxh6 33. Rxh6 Kg7 34. Rh1 f6 35. Nh3 Ne6 36. Nf2 Nf4 37. Rh4 Ng6 38. Rg4 Kf7 39. f4 Rh8 40. f5 Ne5
41. Rg1 Rh2 42. Nh1 Bb7 43. Ng3 Rh4 44. Re1 Nc4 45. c3 Nd2+ 46. Kc1 Nxe4 47. Bb3+ Kg7 48. Nxe4 Rxe4 49. Rg1+ Kh7 50. Rh1+ Kg7
51. Rg1+=
1/2-1/2

[Event "Autumn Standard"]
[Site "SchemingMind.com"]
[Date "2008.09.05"]
[Round "-"]
[White "ThulsaDoom"]
[Black "capablanca"]
[Result "1/2-1/2"]
[WhiteCountry "USA"]
[BlackCountry "GER"]
[WhiteElo "1732"]
[WhiteRD "186"]
[BlackElo "1664"]
[BlackRD "52"]
[GameID "169944"]

1. e4 e5 2. Nf3 Nc6 3. Bb5 a6 4. Ba4 Nf6 5. O-O b5 6. Bb3 Bc5 7. a4 Bb7 8. d3 O-O 9. Nc3 Re8 10. Bg5 h6
11. Bxf6 Qxf6 12. axb5 Nd4 13. Nd5 Nxf3+ 14. Qxf3 Qxf3 15. gxf3 Bd6 16. bxa6 Rxa6 17. Bc4 Rxa1 18. Rxa1 Ra8 19. Rxa8+ Bxa8 20. Kg2 Kf8=
1/2-1/2

[Event "Autumn Standard"]
[Site "SchemingMind.com"]
[Date "2008.09.07"]
[Round "-"]
[White "jessieng"]
[Black "capablanca"]
[Result "0-1"]
[WhiteCountry "BRU"]
[BlackCountry "GER"]
[WhiteElo "1241"]
[WhiteRD "105"]
[BlackElo "1652"]
[BlackRD "52"]
[GameID "170023"]

1. e4 e5 2. Nf3 Nc6 3. Bb5 a6 4. Bxc6 dxc6 5. Nxe5 Qd4 6. Nf3 Qxe4+ 7. Qe2 Qxe2+ 8. Kxe2 Bg4 9. Nc3 O-O-O 10. Re1 Bc5
11. Kf1 Nf6 12. d3 Bxf3 13. gxf3 Nd5 14. Nxd5 cxd5 15. c3 Rde8 16. Rxe8+ Rxe8 17. d4 Bd6 18. Kg2 Re1 19. b3 Bf4 20. Bb2 Re2
21. h3 Rxb2 22. h4 Be3
0-1

[Event "Autumn Standard"]
[Site "SchemingMind.com"]
[Date "2008.09.07"]
[Round "-"]
[White "jessieng"]
[Black "1tamad"]
[Result "0-1"]
[WhiteCountry "BRU"]
[BlackCountry "USA"]
[WhiteElo "1186"]
[WhiteRD "98"]
[BlackElo "1746"]
[BlackRD "74"]
[GameID "170025"]

1. e4 e6 2. d4 d5 3. e5 c5 4. dxc5 Bxc5 5. Nf3 Ne7 6. Be2 O-O 7. O-O Nbc6 8. Nc3 Ng6 9. a3 Ngxe5 10. Nxe5 Nxe5
11. b4 Bd6 12. Bb2 Nc4 13. Bxc4 dxc4 14. f3 Be7 15. Qxd8 Rxd8 16. Ne4 b5 17. Nc5 Bxc5+ 18. bxc5 Bb7 19. c3 Rac8 20. g3 Rxc5
21. f4 h6
0-1

[Event "Autumn Standard"]
[Site "SchemingMind.com"]
[Date "2008.09.06"]
[Round "-"]
[White "jessieng"]
[Black "slotheman"]
[Result "0-1"]
[WhiteCountry "BRU"]
[BlackCountry "USA"]
[WhiteElo "1186"]
[WhiteRD "98"]
[BlackElo "1685"]
[BlackRD "95"]
[GameID "170026"]

1. e4 d6 2. d4 Nf6 3. Nc3 g6 4. Nf3 Bg7 5. Bd3 O-O 6. O-O c6 7. b3 Nbd7 8. Bb2 Re8 9. a3 e5 10. dxe5 Nxe5
11. Nxe5 Rxe5 12. Ne2 Re7 13. Bxf6 Bxf6 14. Rb1 b5 15. c3 a5 16. c4 a4 17. b4 bxc4 18. Bxc4 Rxe4 19. Bd3 Re5
0-1

[Event "Autumn Standard"]
[Site "SchemingMind.com"]
[Date "2008.09.06"]
[Round "-"]
[White "jessieng"]
[Black "ThulsaDoom"]
[Result "0-1"]
[WhiteCountry "BRU"]
[BlackCountry "USA"]
[WhiteElo "1241"]
[WhiteRD "105"]
[BlackElo "1764"]
[BlackRD "152"]
[GameID "170027"]

1. Nf3 d5 2. g3 Nf6 3. Bg2 g6 4. O-O Bg7 5. Nc3 O-O 6. b3 Nc6 7. Bb2 e5 8. d3 Re8 9. a3 Be6 10. Qd2 Qe7
11. h3 Rad8 12. b4 e4 13. dxe4 dxe4
0-1

[Event "Autumn Standard"]
[Site "SchemingMind.com"]
[Date "2008.09.08"]
[Round "-"]
[White "capablanca"]
[Black "jessieng"]
[Result "0-1"]
[WhiteCountry "GER"]
[BlackCountry "BRU"]
[WhiteElo "1652"]
[WhiteRD "52"]
[BlackElo "1241"]
[BlackRD "105"]
[GameID "170028"]

1. e4 e5 2. Nf3 d6 3. d4 exd4 4. Nxd4 Nf6 5. Nc3 g6 6. Bg5 Bg7 7. Bc4 O-O 8. O-O Nbd7 9. Re1 a6 10. a3 b5
11. Ba2 Nc5 12. e5 dxe5 13. Rxe5 Qd6 14. Bxf6 Bxf6 15. Rd5 Qe7 16. Nc6 Qe8 17. Rxc5 Bxc3 18. Rxc3 Bb7 19. Nd4 Rd8 20. Qg4 Rc8
21. Re3 Qd8 22. Nf5 Qf6 23. Nh6+ Kg7 24. Rh3 Qxb2 25. Nf5+ Kh8 26. Re1 gxf5 27. Qxf5 Qg7 28. Rg3 Qh6 29. Qe5+ f6 30. Qf5 Rce8
31. Re6 Rxe6
0-1

[Event "Autumn Standard"]
[Site "SchemingMind.com"]
[Date "2008.09.07"]
[Round "-"]
[White "Zugzwang"]
[Black "jessieng"]
[Result "1-0"]
[WhiteCountry "CAN"]
[BlackCountry "BRU"]
[WhiteElo "1469"]
[WhiteRD "62"]
[BlackElo "1241"]
[BlackRD "105"]
[GameID "170029"]

1. d4 d5 2. Nf3 Nf6 3. e3 g6 4. b3 Bg7 5. Bb2 O-O 6. Be2 Bg4 7. c4 dxc4 8. bxc4 c6 9. Qb3 Qc7 10. Ne5 Bxe2
11. Kxe2 Ne4 12. Na3 Bxe5 13. dxe5 Nc5 14. Qc3 Ne4 15. Qd4 f5 16. e6 Rf6 17. Rad1 Nd6 18. Qh4 Rxe6 19. Qh6 Nf7 20. Qg7#
1-0

[Event "Autumn Standard"]
[Site "SchemingMind.com"]
[Date "2008.09.08"]
[Round "-"]
[White "1tamad"]
[Black "jessieng"]
[Result "1-0"]
[WhiteCountry "USA"]
[BlackCountry "BRU"]
[WhiteElo "1746"]
[WhiteRD "74"]
[BlackElo "1186"]
[BlackRD "98"]
[GameID "170030"]

1. d4 d5 2. e3 Nf6 3. Bd3 g6 4. Nf3 Bg4 5. O-O Bxf3 6. Qxf3 Bg7 7. c4 dxc4 8. Bxc4 O-O 9. Qxb7 Nbd7 10. Nc3 Nb6
11. Bb3 Qb8 12. Qxb8 Raxb8 13. Bd2 a5 14. Rab1 e6 15. Na4 Nxa4 16. Bxa4 Rfd8 17. Bxa5 Rdc8 18. b4 c6 19. h3 Nd5 20. Bc2 Nb6
21. Bd3
1-0

[Event "Autumn Standard"]
[Site "SchemingMind.com"]
[Date "2008.09.06"]
[Round "-"]
[White "slotheman"]
[Black "jessieng"]
[Result "1-0"]
[WhiteCountry "USA"]
[BlackCountry "BRU"]
[WhiteElo "1685"]
[WhiteRD "95"]
[BlackElo "1186"]
[BlackRD "98"]
[GameID "170031"]

1. e4 e5 2. Nf3 d6 3. d4 exd4 4. Bc4 c6 5. Nxd4 Nf6 6. Nc3 g6 7. Bf4 Bg7 8. Qd2 O-O 9. O-O-O b5 10. Bxb5 cxb5
11. Ndxb5 Nc6 12. Bxd6 Re8 13. Nc7 Re6 14. Nxa8 Bb7 15. Nc7 Qc8 16. Nxe6 Nd8 17. Nxg7
1-0

[Event "Autumn Standard"]
[Site "SchemingMind.com"]
[Date "2008.09.07"]
[Round "-"]
[White "ThulsaDoom"]
[Black "jessieng"]
[Result "1-0"]
[WhiteCountry "USA"]
[BlackCountry "BRU"]
[WhiteElo "1751"]
[WhiteRD "137"]
[BlackElo "1186"]
[BlackRD "98"]
[GameID "170032"]

1. e4 e5 2. Nf3 d6 3. d4 exd4 4. Nxd4 Nf6 5. Nc3 g6 6. Be2 Bg7 7. O-O O-O 8. Bg5 Nc6 9. Nxc6 bxc6 10. Qd2 Qe8
11. f3 Bb7 12. Bh6 Nh5 13. Bxg7 Nxg7 14. Bc4 Ne6 15. Rad1 Ng7 16. Rfe1 a6 17. Bb3 Qd7 18. Qh6 d5 19. exd5 cxd5 20. Nxd5 Bxd5
21. Bxd5 Qc8 22. Bxa8 Qxa8 23. Re4 Qc8 24. Rh4 Nh5 25. g4
1-0

[Event "Autumn Standard"]
[Site "SchemingMind.com"]
[Date "2008.09.07"]
[Round "-"]
[White "Artur"]
[Black "capablanca"]
[Result "1-0"]
[WhiteCountry "POL"]
[BlackCountry "GER"]
[WhiteElo "1843"]
[WhiteRD "99"]
[BlackElo "1664"]
[BlackRD "52"]
[GameID "170047"]

1. e4 e5 2. Nf3 Nc6 3. Bc4 Bc5 4. c3 Nf6 5. d4 exd4 6. cxd4 Bb4+ 7. Bd2 Bxd2+ 8. Nbxd2 O-O 9. e5 Ne8 10. O-O d6
11. Bd5 Nb4 12. Qb3 Nxd5 13. Qxd5 c6 14. Qb3 dxe5 15. dxe5 Nc7 16. Nc4 Be6 17. Qc2 Nd5 18. Nd6 Rb8 19. Nd4 Qg5 20. Nxe6 fxe6
21. Rae1 Nf4 22. g3 Ng6 23. Qc4 Rf4 24. Qxe6+
1-0

[Event "Autumn Standard"]
[Site "SchemingMind.com"]
[Date "2008.09.06"]
[Round "-"]
[White "Artur"]
[Black "Zugzwang"]
[Result "1-0"]
[WhiteCountry "POL"]
[BlackCountry "CAN"]
[WhiteElo "1843"]
[WhiteRD "99"]
[BlackElo "1491"]
[BlackRD "59"]
[GameID "170048"]

1. e4 e5 2. Nf3 Nf6 3. Nxe5 d6 4. Nxf7 Kxf7 5. d4 d5 6. e5 Ne8 7. Bd3 Kg8 8. O-O Nc6 9. c4 Bb4 10. a3 Be7
11. Nc3 Nxd4 12. cxd5 Nf5 13. Bc4 Kf8 14. d6 cxd6 15. Qd5
1-0

[Event "Autumn Standard"]
[Site "SchemingMind.com"]
[Date "2008.09.07"]
[Round "-"]
[White "Artur"]
[Black "1tamad"]
[Result "1-0"]
[WhiteCountry "POL"]
[BlackCountry "USA"]
[WhiteElo "1905"]
[WhiteRD "92"]
[BlackElo "1764"]
[BlackRD "74"]
[GameID "170049"]

1. e4 e6 2. d4 d5 3. e5 c5 4. c3 Nc6 5. Nf3 Qb6 6. Be2 cxd4 7. cxd4 Bb4+ 8. Nc3 Nge7 9. O-O O-O 10. Na4 Qa5
11. a3 b5 12. axb4 Nxb4 13. Bd2 bxa4 14. Rxa4
1-0

[Event "Autumn Standard"]
[Site "SchemingMind.com"]
[Date "2008.09.06"]
[Round "-"]
[White "Artur"]
[Black "slotheman"]
[Result "0-1"]
[WhiteCountry "POL"]
[BlackCountry "USA"]
[WhiteElo "1875"]
[WhiteRD "96"]
[BlackElo "1675"]
[BlackRD "85"]
[GameID "170050"]

1. e4 d6 2. d4 Nf6 3. Nc3 g6 4. Nf3 Bg7 5. Be2 O-O 6. O-O c6 7. Bf4 Qc7 8. e5 Nfd7 9. exd6 exd6 10. Ne4 Qb6
11. b3 d5 12. Nd6 Na6 13. Rc1 Nf6 14. c4 c5 15. dxc5 Nxc5 16. Nb5 dxc4 17. Bxc4 Be6 18. Be2 Nd5 19. Bd6 Rfc8 20. Nfd4 Ne4
21. Rxc8+ Rxc8 22. Bc4 Bxd4 23. Nxd4 Nxd6 24. Nxe6 fxe6 25. Bxd5 exd5 26. Qxd5+ Nf7 27. g3 Rc2 28. a4 Qc7 29. Re1 Rc1 30. Rxc1 Qxc1+
31. Kg2 Qc6 32. Qxc6 bxc6 33. Kf3 Ne5+ 34. Kf4 Nd3+ 35. Ke4 Nxf2+ 36. Kd4 h5 37. Kc5 g5 38. Kxc6 Ng4 39. h3 h4 40. gxh4 gxh4
41. b4 Nf2 42. Kd5 Kf7 43. Kc6 Nxh3 44. Kb7 Nf4 45. Kxa7 h3 46. b5 h2 47. b6 h1=Q 48. b7 Qg1+ 49. Ka8 Qg2 50. Ka7 Qf2+
51. Ka8 Qf3 52. a5 Ne6 53. Ka7 Qe3+ 54. Ka8 Nc7+ 55. Kb8 Qe7 56. Ka7 Qc5+
0-1